| 000 | 00379nam a2200157Ia 4500 | ||
|---|---|---|---|
| 008 | 230917s9999||||xx |||||||||||||| ||und|| | ||
| 040 |
_e28750 _aMAIN |
||
| 041 | _aEnglish | ||
| 082 | _a372.3 C392V | ||
| 100 | _aChaube, Saryu Prasad | ||
| 245 | 0 | _aVidyalaya swasthya shiksha | |
| 250 | _aIst ,ed. | ||
| 260 |
_aNoida _bMayur paperbax _c1998 |
||
| 300 | _a288 p. | ||
| 942 | _cBK | ||
| 999 |
_c99301 _d99301 |
||